000 00584nam a2200181Ia 4500
008 090630s9999 xx 000 0 und d
082 _b13594
100 _aबांदोडकर व. पु.
245 _aइस्टेट.
_cबांदोडकर व. पु.
260 _bबांदोडकर - गोवा.
_c1991
300 _a185
600 _aबांदोडकर व. पु.
630 _aइस्टेट.
655 _aकादंबरी.
700 _aबांदोडकर व. पु.
730 _aइस्टेट.
942 _cBOOK
999 _c265450
_d265450